Szczegóły MARC
| 000 -Nagłówek |
| fixed length control field |
03533cam a2200685 i 4500 |
| 001 - Nr kontrolny bibl., która utworzyła rek. |
| control field |
xx004653137 |
| 003 - Siglum bibl., której nr kontr. jest w 001 |
| control field |
NUKAT |
| 005 - Data i czas ostatniej operacji |
| control field |
20260408144835.0 |
| 008 - Elementy pola stałej długości |
| fixed length control field |
190701s2019 pl a |000 0bpol c |
| 020 ## - ISBN |
| ISBN |
9788380983823 |
| dopowiedzenie |
(oprawa twarda ; |
| -- |
Instytut Pamięci Narodowej) : |
| warunki dostępności |
zł 59,00 |
| 020 ## - ISBN |
| ISBN |
9788388202643 |
| dopowiedzenie |
(oprawa twarda ; |
| -- |
Instytut Prymasowski Stefana Kardynała Wyszyńskiego) : |
| warunki dostępności |
zł 59,00 |
| 035 ## - Systemowy numer kontrolny |
| systemowy numer kontrolny |
(OCoLC)1111760974 |
| 035 ## - Systemowy numer kontrolny |
| systemowy numer kontrolny |
(NUKAT)xx004653137 |
| 040 ## - Instytucja sporządzająca opis |
| Instytucja, która sporządziła opis |
WR U/bk |
| język katalgowania-trzyzn. kod |
pol |
| zasady opisu |
rda |
| Instytucja, która sporządziła rekord |
WR U/bks |
| Instytucja, która zmodyfikowała rekord |
WR U/hp |
| -- |
WA U/WI |
| -- |
OLSZT 008/bak |
| 045 2# - Okres czasu dla zawartości |
| czas między r. 9999 pne a nasz. czas. |
d1901 |
| -- |
d1981 |
| 046 ## - Kod rodz. daty, data1, data2 (daty pne) |
| Begin/single date |
2019 |
| 100 1# - Hasło główne-nazwa osobowa |
| Nazwa osobowa |
Łatka, Rafał |
| Daty biograficzne |
(1985- ). |
| rodzaj współpracy |
Autor |
| 9 (RLIN) |
15865 |
| 245 10 - Tytuł właściwy i oznaczenie odpow. |
| tytuł |
Kardynał Stefan Wyszyński 1901-1981 / |
| dod. inf. ze s. tyt./ozn. odpow. |
Rafał Łatka, Beata Mackiewicz, Dominik Zamiatała ; Instytut Pamięci Narodowej - Komisja Ścigania Zbrodni przeciwko Narodowi Polskiemu, Wydawnictwo im. Stefana Kardynała Wyszyńskiego "Soli Deo". |
| 246 18 - Inne formy tytułu, wariant tytułu |
| tytuł |
Kardynał Stefan Wyszyński |
| 260 ## - Adres wydawniczy |
| miejsce wydania, dystrybucji itp. |
Warszawa : |
| nazwa wydawcy, dystrybutora itp. |
Instytut Pamięci Narodowej - Komisja Ścigania Zbrodni przeciwko Narodowi Polskiemu : |
| -- |
Wydawnictwo im. Stefana Kardynała Wyszyńskiego "Soli Deo" : |
| -- |
Instytut Prymasowski Stefana Kardynała Wyszyńskiego, |
| data wydania, dystrybucji itp. |
© copyright 2019. |
| 300 ## - Opis fizyczny |
| objętość i/lub forma materiału |
558 stron : |
| inne szczegóły opisu fizycznego |
ilustracje (w tym kolorowe) ; |
| format |
30 cm. |
| 336 ## - Content Type |
| Term |
Tekst |
| Code |
txt |
| Source |
rdacontent |
| 336 ## - Content Type |
| Term |
Obraz |
| Code |
sti |
| Source |
rdacontent |
| 337 ## - Media Type |
| Term |
Bez urządzenia pośredniczącego |
| Code |
n |
| Source |
rdamedia |
| 338 ## - Carrier Type |
| Term |
Wolumin |
| Code |
nc |
| Source |
rdacarrier |
| 380 ## - Form of work |
| Form of work |
Albumy i książki artystyczne |
| 380 ## - Form of work |
| Form of work |
Książki |
| 380 ## - Form of work |
| Form of work |
Publikacje naukowe |
| 388 1# - TIME PERIOD OF CREATION |
| Time period of creation term |
2001- |
| 490 1# - Tytuł serii i ks. wielotom.-nie do wysz. |
| oznaczenie serii |
Biskupi w Realich Komunistycznego Państwa |
| 490 1# - Tytuł serii i ks. wielotom.-nie do wysz. |
| oznaczenie serii |
Centralny Projekt Badawczy IPN - Władze Komunistyczne wobec Kościołów i Związków Wyznaniowych w Polsce 1944-1989 |
| 500 ## - Uwaga ogólna |
| uwaga ogólna |
Album fotograficzny. |
| 500 ## - Uwaga ogólna |
| uwaga ogólna |
Nazwa drugiego wydawcy w formule copyrightu. |
| 504 ## - Uwaga o bibliografii |
| uwaga o bibliografii |
Bibliografia na stronach 547-558. |
| 600 07 - Hasło przedmiotowe-nazwa osobowa |
| nazwa osobowa |
Stefan Wyszyński |
| tyt., in. dopowiedz. dot. nazwy |
(błogosławiony ; |
| daty biograficzne |
1901-1981) |
| źródło hasła |
DBN |
| 9 (RLIN) |
39675 |
| 600 07 - Hasło przedmiotowe-nazwa osobowa |
| nazwa osobowa |
Stefan Wyszyński |
| tyt., in. dopowiedz. dot. nazwy |
(błogosławiony ; |
| daty biograficzne |
1901-1981) |
| określnik formy |
biografie. |
| źródło hasła |
kaba |
| 9 (RLIN) |
39676 |
| 600 07 - Hasło przedmiotowe-nazwa osobowa |
| nazwa osobowa |
Stefan Wyszyński |
| tyt., in. dopowiedz. dot. nazwy |
(błogosławiony ; |
| daty biograficzne |
1901-1981) |
| określnik formy |
fotografie. |
| źródło hasła |
kaba |
| 9 (RLIN) |
39677 |
| 610 27 - Hasło przedmiotowe-nazwa ciała zbior. |
| nazwa ciała zbior. lub geogr. |
Kościół katolicki |
| źródło hasła |
DBN |
| 9 (RLIN) |
37102 |
| 648 #7 - SUBJECT ADDED ENTRY--CHRONOLOGICAL TERM |
| Chronological term |
1901-2000 |
| Source of heading or term |
DBN |
| 9 (RLIN) |
34996 |
| 650 #7 - Hasło przedmiotowe-nazwa pospolita |
| nazwa pospolita lub geogr. |
Biskupi |
| źródło hasła |
DBN |
| 9 (RLIN) |
35374 |
| 650 #7 - Hasło przedmiotowe-nazwa pospolita |
| nazwa pospolita lub geogr. |
Duchowieństwo katolickie |
| źródło hasła |
DBN |
| 9 (RLIN) |
35375 |
| 650 #7 - Hasło przedmiotowe-nazwa pospolita |
| nazwa pospolita lub geogr. |
Fotografia dokumentalna |
| źródło hasła |
DBN |
| 9 (RLIN) |
39457 |
| 650 #7 - Hasło przedmiotowe-nazwa pospolita |
| nazwa pospolita lub geogr. |
Fotografia polska |
| źródło hasła |
DBN |
| 9 (RLIN) |
35386 |
| 650 #7 - Hasło przedmiotowe-nazwa pospolita |
| nazwa pospolita lub geogr. |
Prymasi |
| źródło hasła |
DBN |
| 9 (RLIN) |
35376 |
| 651 #7 - Hasło przedmiotowe-nazwa geogr. |
| nazwa geograficzna |
Polska |
| źródło hasła |
DBN |
| 9 (RLIN) |
35076 |
| 655 #7 - Termin określający rodzaj/formę |
| rodzaj/forma |
Album |
| źródło terminu |
DBN |
| 9 (RLIN) |
35390 |
| 655 #7 - Termin określający rodzaj/formę |
| rodzaj/forma |
Biografia |
| źródło terminu |
DBN |
| 9 (RLIN) |
35059 |
| 658 ## - Nazwa określająca cel programu nauczania |
| główny cel programu nauczania |
Historia |
| 658 ## - Nazwa określająca cel programu nauczania |
| główny cel programu nauczania |
Religia i duchowość |
| 700 1# - Hasło dodatkowe - nazwa osobowa |
| nazwa osobowa |
Mackiewicz, Beata. |
| rodzaj współpracy |
Autor |
| 9 (RLIN) |
39672 |
| 700 1# - Hasło dodatkowe - nazwa osobowa |
| nazwa osobowa |
Zamiatała, Dominik |
| daty biograficzne |
(1967- ). |
| rodzaj współpracy |
Autor |
| 9 (RLIN) |
16248 |
| 710 2# - Hasło dodatkowe - nazwa ciała zbior. |
| nazwa ciała zbior. lub nazwa geogr. |
Instytut Pamięci Narodowej - Komisja Ścigania Zbrodni przeciwko Narodowi Polskiemu. |
| rodzaj współpracy |
Instytucja sprawcza |
| -- |
Wydawca |
| kod rodzaju współpracy |
pbl |
| 9 (RLIN) |
11792 |
| 710 2# - Hasło dodatkowe - nazwa ciała zbior. |
| nazwa ciała zbior. lub nazwa geogr. |
Instytut Prymasowski Stefana Kardynała Wyszyńskiego. |
| rodzaj współpracy |
Wydawca |
| kod rodzaju współpracy |
pbl |
| 9 (RLIN) |
39673 |
| 710 2# - Hasło dodatkowe - nazwa ciała zbior. |
| nazwa ciała zbior. lub nazwa geogr. |
Wydawnictwo im. Stefana Kardynała Wyszyńskiego "Soli Deo". |
| rodzaj współpracy |
Instytucja sprawcza |
| -- |
Wydawca |
| kod rodzaju współpracy |
pbl |
| 9 (RLIN) |
39674 |
| 830 #0 - Hasło dod. serii i op. ks. wielotom. -tyt |
| tytuł |
Biskupi w Realiach Komunistycznej Władzy |
| 9 (RLIN) |
16421 |
| 830 #0 - Hasło dod. serii i op. ks. wielotom. -tyt |
| tytuł |
Władze Komunistyczne wobec Kościołów i Związków Wyznaniowych w Polsce 1944-1989 |
| 9 (RLIN) |
18363 |
| 920 ## - ISBN |
| ISBN |
978-83-8098-382-3 (oprawa twarda ; Instytut Pamięci Narodowej) : zł 59,00 |
| 920 ## - ISBN |
| ISBN |
978-83-88202-64-3 (oprawa twarda ; Instytut Prymasowski Stefana Kardynała Wyszyńskiego) : zł 59,00 |
| 942 ## - ADDED ENTRY ELEMENTS (KOHA) |
| Source of classification or shelving scheme |
Dewey Decimal Classification |
| Koha item type |
pozycje dostępne na miejscu |